| 000 | 00784nas a2200253 4500 | ||
|---|---|---|---|
| 001 | BR8405030 | ||
| 003 | BR-BrBNA | ||
| 005 | 20231205090021.0 | ||
| 007 | ta | ||
| 008 | 230509b bl.|||p| |||| 00| 00por d | ||
| 040 |
_aBR-BrBNA _bpor _cBiblioteca Nacional de Agricultura |
||
| 041 | _a(Pt) | ||
| 072 | _aH60 | ||
| 100 | 1 | _aVelloso, J.A.R. de O. | |
| 100 | 1 | _aGassen, D.N. | |
| 100 | 1 | _aJacobson, L.A. | |
| 245 | 1 | _aAte a ultima gota; conforme a formulacao liquida do defensivo, muda a sistematica de aplicacao [pulverizacao de barra] | |
| 650 | _aDEFENSIVO | ||
| 650 | _aPULVERIZACAO | ||
| 650 | _aINSETICIDA | ||
| 773 | 0 |
_tGranja (Brazil) _xISSN 0367-505X _g(Jun 1984), v. 40(437) p. 72-76 _wBR8405030 |
|
| 909 |
_a202311 _bLúcia _c55 _dLúcia Elande |
||
| 942 |
_2AGRIS _n0 _cANA |
||
| 999 |
_c115547 _d115547 |
||